All Country and USA Flags of the World + Capitals - Statistics

General Stats
  • This quiz has been taken 26 times
  • The average score is 176 of 492
Answer Stats
Picture Answer % Correct
Turkey
95%
Somalia
63%
Sweden
63%
Argentina
58%
Belgium
58%
Algeria
53%
Athens
53%
Australia
53%
Boise
53%
California
53%
Canada
53%
Croatia
53%
Egypt
53%
Estonia
53%
Fiji
53%
France
53%
Georgia
53%
Greece
53%
Hawaii
53%
India
53%
Italy
53%
Jakarta
53%
Japan
53%
Kenya
53%
Kosovo
53%
Lebanon
53%
London
53%
Madrid
53%
Mexico
53%
Mexico City
53%
Morocco
53%
North Korea
53%
North Macedonia
53%
Ottawa
53%
Paris
53%
Poland
53%
Rome
53%
Russia
53%
Saudi Arabia
53%
Spain
53%
Syria
53%
Tajikistan
53%
Tallahassee
53%
Tehran
53%
Texas
53%
United Arab Emirates
53%
Venezuela
53%
Vietnam
53%
Afghanistan
47%
Alabama
47%
Albania
47%
Angola
47%
Austin
47%
Bahamas
47%
Bangkok
47%
Bangladesh
47%
Barbados
47%
Bhutan
47%
Bosnia & Herzegovina
47%
Brazil
47%
Bulgaria
47%
Cairo
47%
Cambodia
47%
Canberra
47%
Central African Republic
47%
Chile
47%
China
47%
Cuba
47%
Cyprus
47%
Dakar
47%
Denmark
47%
Djibouti
47%
Dominican Republic
47%
Dublin
47%
Finland
47%
Germany
47%
Hanoi
47%
Iceland
47%
Iran
47%
Iraq
47%
Ireland
47%
Islamabad
47%
Israel
47%
Ivory Coast
47%
Jamaica
47%
Kathmandu
47%
Kazakhstan
47%
Kyrgyzstan
47%
Lesotho
47%
Liberia
47%
Libya
47%
Malaysia
47%
Malta
47%
Monaco
47%
Mongolia
47%
Montenegro
47%
Moscow
47%
Mozambique
47%
Nashville
47%
Nauru
47%
Nepal
47%
New Delhi
47%
New Zealand
47%
Nigeria
47%
Norway
47%
Oklahoma City
47%
Oman
47%
Pakistan
47%
Palau
47%
Panama
47%
Papua New Guinea
47%
Portugal
47%
Qatar
47%
Rabat
47%
Reykjavík
47%
San Marino
47%
Seychelles
47%
South Africa
47%
South Korea
47%
Sri Lanka
47%
St. Lucia
47%
St. Vincent and the Grenadines
47%
Switzerland
47%
Taiwan
47%
Tanzania
47%
Tunisia
47%
Tuvalu
47%
Ukraine
47%
United Kingdom
47%
United States
47%
Uruguay
47%
Vatican City
47%
Vienna
47%
Washington D.C.
47%
Zagreb
47%
Andorra
42%
Ankara
42%
Antigua and Barbuda
42%
Armenia
42%
Astana
42%
Austria
42%
Azerbaijan
42%
Bahrain
42%
Bamako
42%
Belarus
42%
Belize
42%
Benin
42%
Berlin
42%
Bern
42%
Bolivia
42%
Botswana
42%
Brasília
42%
Brunei
42%
Burkina Faso
42%
Burundi
42%
Cape Verde
42%
Chad
42%
Colombia
42%
Colorado
42%
Comoros
42%
Costa Rica
42%
Czech Republic
42%
Dominica
42%
D.R. Congo
42%
East Timor
42%
Ecuador
42%
El Salvador
42%
Equatorial Guinea
42%
Eritrea
42%
Eswatini
42%
Ethiopia
42%
F.S. of Micronesia
42%
Gabon
42%
Gambia
42%
Ghana
42%
Grenada
42%
Guatemala
42%
Guinea
42%
Guinea-Bissau
42%
Guyana
42%
Haiti
42%
Harrisburg
42%
Havana
42%
Honduras
42%
Hungary
42%
Indonesia
42%
Jordan
42%
Juneau
42%
Kiribati
42%
Kuwait
42%
Kyiv
42%
Laos
42%
Latvia
42%
Liechtenstein
42%
Lusaka
42%
Madagascar
42%
Malawi
42%
Maldives
42%
Mali
42%
Marshall Islands
42%
Maryland
42%
Mauritania
42%
Mauritius
42%
Mogadishu
42%
Montgomery
42%
Myanmar
42%
Namibia
42%
Netherlands
42%
New Mexico
42%
Nicaragua
42%
Nicosia
42%
Niger
42%
Olympia
42%
Oslo
42%
Paraguay
42%
Peru
42%
Philippines
42%
Pretoria / Cape Town / Bloemfontein
42%
Romania
42%
Rwanda
42%
Sacramento
42%
Salt Lake City
42%
Samoa
42%
Sao Tome & Principe
42%
Serbia
42%
Sierra Leone
42%
Singapore
42%
Slovakia
42%
Slovenia
42%
South Sudan
42%
St. Kitts & Nevis
42%
Suriname
42%
Thailand
42%
Togo
42%
Tokyo
42%
Tonga
42%
Trinidad & Tobago
42%
Turkmenistan
42%
Uganda
42%
Uzbekistan
42%
Vanuatu
42%
Vientiane
42%
Windhoek
42%
Yemen
42%
Zambia
42%
Zimbabwe
42%
Addis Ababa
37%
Arizona
37%
Banjul
37%
Baton Rouge
37%
Beijing
37%
Belgrade
37%
Boston
37%
Buenos Aires
37%
Concord
37%
Denver
37%
Des Moines
37%
Dushanbe
37%
Frankfort
37%
Indianapolis
37%
Kabul
37%
Lilongwe
37%
Lima
37%
Lisbon
37%
Lithuania
37%
Luxembourg
37%
Manila
37%
Maputo
37%
Moldova
37%
N'Djamena
37%
Niamey
37%
Ohio
37%
Panama City
37%
Port Moresby
37%
Porto-Novo / Cotonou
37%
Pristina
37%
Rep. of the Congo
37%
Richmond
37%
Riga
37%
Salem
37%
Santiago
37%
Sarajevo
37%
Senegal
37%
Solomon Islands
37%
Sri Jayawardenepura Kotte
37%
Sudan
37%
Tunis
37%
Ulaanbaatar
37%
Warsaw
37%
Washington
37%
Abu Dhabi
32%
Alaska
32%
Algiers
32%
Annapolis
32%
Antananarivo
32%
Atlanta
32%
Baghdad
32%
Bratislava
32%
Cameroon
32%
Carson City
32%
Charleston
32%
Copenhagen
32%
Dhaka
32%
Dover
32%
Georgetown
32%
Helena
32%
Honolulu
32%
Kuala Lumpur
32%
Lansing
32%
Lincoln
32%
Lomé
32%
Louisiana
32%
Luanda
32%
Managua
32%
Monaco
32%
Montpelier
32%
Naypyidaw
32%
Paramaribo
32%
Prague
32%
Raleigh
32%
Riyadh
32%
Sana'a
32%
Santa Fe
32%
South Dakota
32%
Stockholm
32%
Tirana
32%
Tripoli
32%
Wellington
32%
Wyoming
32%
Yaoundé
32%
Accra
26%
Albany
26%
Amman
26%
Asmara
26%
Baku
26%
Bishkek
26%
Bismarck
26%
Bogotá
26%
Bucharest
26%
Budapest
26%
Caracas
26%
Chișinău
26%
Columbus
26%
Damascus
26%
Florida
26%
Helsinki
26%
Idaho
26%
Illinois
26%
Indiana
26%
Iowa
26%
Jackson
26%
Jefferson City
26%
Jerusalem
26%
Khartoum
26%
Kinshasa
26%
Little Rock
26%
Ljubljana
26%
Maine
26%
Malé
26%
Minsk
26%
Mississippi
26%
Missouri
26%
Muscat
26%
Nassau
26%
North Dakota
26%
Nouakchott
26%
Phoenix
26%
Port-au-Prince
26%
Port-of-Spain
26%
Pyongyang
26%
Rhode Island
26%
Saint Paul
26%
Skopje
26%
Springfield
26%
Taipei
26%
Tallinn
26%
Tashkent
26%
Tbilisi
26%
Tennessee
26%
Topeka
26%
Vatican City
26%
Yamoussoukro
26%
Abuja
21%
Amsterdam
21%
Apia
21%
Arkansas
21%
Ashgabat
21%
Asunción
21%
Augusta
21%
Bangui
21%
Basseterre
21%
Brussels
21%
Cheyenne
21%
Conakry
21%
Connecticut
21%
Delaware
21%
Dili
21%
Georgia
21%
Harare
21%
Honiara
21%
Kentucky
21%
Kuwait City
21%
La Paz / Sucre
21%
Libreville
21%
Madison
21%
Majuro
21%
Minnesota
21%
Montana
21%
Nebraska
21%
New Hampshire
21%
New Jersey
21%
New York
21%
North Carolina
21%
Nukuʻalofa
21%
Oklahoma
21%
Ouagadougou
21%
Palikir
21%
Pennsylvania
21%
Pierre
21%
Podgorica
21%
Port Vila
21%
Quito
21%
Seoul
21%
Sofia
21%
South Carolina
21%
Suva
21%
Thimphu
21%
Valletta
21%
Vermont
21%
Vilnius
21%
Virginia
21%
West Virginia
21%
Wisconsin
21%
Andorra la Vella
16%
Bandar Seri Begawan
16%
Beirut
16%
Belmopan
16%
Bissau
16%
Brazzaville
16%
Bridgetown
16%
Castries
16%
Djibouti
16%
Dodoma
16%
Doha
16%
Freetown
16%
Funafuti
16%
Gaborone
16%
Gitega
16%
Guatemala City
16%
Hartford
16%
Juba
16%
Kampala
16%
Kansas
16%
Kigali
16%
Kingston
16%
Kingstown
16%
Luxembourg
16%
Malabo
16%
Manama
16%
Massachusetts
16%
Mbabane
16%
Michigan
16%
Monrovia
16%
Montevideo
16%
Moroni
16%
Nevada
16%
Oregon
16%
Phnom Penh
16%
Port Louis
16%
Praia
16%
Roseau
16%
Saint George's
16%
Saint John's
16%
San José
16%
San Salvador
16%
Santo Domingo
16%
São Tomé
16%
Singapore
16%
Tarawa
16%
Tegucigalpa
16%
Trenton
16%
Utah
16%
Vaduz
16%
Victoria
16%
Yaren
16%
Yerevan
16%
Columbia
11%
Maseru
11%
Nairobi
11%
Ngerulmud
11%
Providence
11%
San Marino
11%
No matching quizzes found
Score Distribution
Percent of People with Each Score
Percentile by Number Answered
Your Score History
You have not taken this quiz